|
|
|
|
| LEADER |
00000nab#a22000007a#4500 |
| 001 |
arbauad028617 |
| 003 |
AR-BaUAD |
| 005 |
20250711112328.0 |
| 008 |
971001|||||||||###||||||b###|0###a|spa|| |
| 040 |
|
|
|a AR-BaUAD
|c AR-BaUAD
|b spa
|
| 100 |
|
|
|a Sugiyama, Hiro
|
| 245 |
|
|
|a Individuality against refined sense /
|c Hiro Sugiyama;
|
| 300 |
0 |
|
|b il.
|
| 653 |
|
|
|a DISEÑO GRAFICO
|
| 653 |
|
|
|a ILUSTRACION
|
| 653 |
|
|
|a ILUSTRADORES
|
| 653 |
|
|
|a JAPON
|
| 653 |
|
|
|a NAKAMURA, YOSHIAKI
|
| 653 |
|
|
|a MIZUNO, KEN'ICHIRO
|
| 653 |
|
|
|a SAKAKI, KAZUYA
|
| 653 |
|
|
|a UCHIYAMA, KANAE
|
| 653 |
|
|
|a FUKAMI, MASAKI
|
| 653 |
|
|
|a HAMANO, TARO
|
| 653 |
|
|
|a NINOMIYA, MAI
|
| 653 |
|
|
|a KIKUCHI, KIMIE
|
| 773 |
0 |
|
|t IDEA
|g no. 264 [set. 1997], p. 48-53
|
| 942 |
|
|
|c ARTI
|
| 952 |
|
|
|0 0
|1 0
|4 0
|7 0
|9 73536
|a AR-BAuAD
|b AR-BAuAD
|d 2025-07-11
|l 0
|p AAQA028617
|r 2025-07-11 11:23:28
|w 2025-07-11
|y ARTI
|
| 990 |
|
|
|a DG199
|b TD
|
| 998 |
|
|
|a AAQ
|b BIBUN76
|
| 999 |
|
|
|c 53209
|d 53209
|